Fault-tolerance and reliability techniques for high-density random-access memories / (Record no. 729)

MARC details
000 -LEADER
fixed length control field 00920nac a22002171u 4500
010 ## - LIBRARY OF CONGRESS CONTROL NUMBER
LC control number 2002027055
020 ## - INTERNATIONAL STANDARD BOOK NUMBER
International Standard Book Number 0130084654
082 00 - DEWEY DECIMAL CLASSIFICATION NUMBER
Classification number 621.39/73
Item number C4356
090 ## - LOCALLY ASSIGNED LC-TYPE CALL NUMBER (OCLC); LOCAL CALL NUMBER (OCLC)
-- 729
-- 729
100 ## - MAIN ENTRY--PERSONAL NAME
Personal name Chakraborty, Kanad.
245 10 - TITLE STATEMENT
Title Fault-tolerance and reliability techniques for high-density random-access memories /
Statement of responsibility, etc Kanad Chakraborty, Pinaki Mazumder.
260 ## - PUBLICATION, DISTRIBUTION, ETC. (IMPRINT)
Place of publication, distribution, etc New Delhi :
Name of publisher, distributor, etc Prentice Hall of India,
Date of publication, distribution, etc c2002.
300 ## - PHYSICAL DESCRIPTION
Extent xix, 426 p. :
Other physical details ill. ;
Dimensions 25 cm.
504 ## - BIBLIOGRAPHY, ETC. NOTE
Bibliography, etc Includes bibliographical references (p. 377-417) and index.
650 #0 - SUBJECT ADDED ENTRY--TOPICAL TERM
Topical term or geographic name as entry element Random access memory
General subdivision Reliability.
650 #0 - SUBJECT ADDED ENTRY--TOPICAL TERM
Topical term or geographic name as entry element Integrated circuits
General subdivision Fault tolerance.
650 #0 - SUBJECT ADDED ENTRY--TOPICAL TERM
Topical term or geographic name as entry element Semiconeductor storage devices.
700 1# - ADDED ENTRY--PERSONAL NAME
Personal name Mazumder, Pinaki.
942 ## - ADDED ENTRY ELEMENTS (KOHA)
Item type Book - Borrowing
Call number prefix 621.39/73C4356
Holdings
Withdrawn status Item status Source of classification or shelving scheme Damaged status Not for loan Vendor Home library Current library Shelving location Date acquired Source of acquisition Cost, normal purchase price Total Checkouts Full call number Barcode Date last seen Date last borrowed Cost, replacement price Koha item type
    Dewey Decimal Classification       Central Library Central Library First floor 26/07/2006   100.00 1 621.3973 CHA 000003870 15/07/2025 18/01/2018 125.00 Book - Borrowing